| 000 | 00429nam a22001337a 4500 | ||
|---|---|---|---|
| 082 |
_a690.538 _bACI _cN-01, P-98 |
||
| 100 | _aACI | ||
| 245 | _aAmerican concrete institute guide for the design construction and repair of forrocement / | ||
| 260 |
_aUSA _bAmerican concrete institute, _cc1994 |
||
| 300 |
_avarious paging,; _bill,: _c29cm |
||
| 526 |
_a0 _b0 _c0 _d690_538000000000000_ACI |
||
| 650 |
_aNUST _96342 |
||
| 942 |
_2ddc _cBK |
||
| 999 |
_c548064 _d548064 |
||